| 000 | 00471cam a2200181 a 4500 | ||
|---|---|---|---|
| 020 | _a0471310689 : | ||
| 040 | _cSLU | ||
| 082 | _a340 JWS 1995 C145 Or. | ||
| 100 | 1 | _aKay, Joe | |
| 245 | 1 | 4 | _aThe legal dictionary for bad spellers / |
| 260 |
_aNew York : _bJ. Wiley & Sons, Inc., _cc1995 |
||
| 300 |
_aix, 246 p. ; _c21 cm |
||
| 500 | _a"An Innovation Press book." | ||
| 650 | 0 | _aLaw | |
| 650 | 0 | _aEnglish language | |
| 700 | 1 | _aLinfield, Jordan L | |
| 942 | _cAEDBB | ||
| 999 |
_c18441 _d18441 |
||